000 00553nam a2200217Ia 4500
003 OSt
005 20220928145720.0
006 a|||||r|||| 00| 0
007 ta
008 220927b |||||||| |||| 00| 0 eng d
024 _a82481
037 _cTextual
040 _aSDCL
_cSDCL
_beng
041 _2eng
_aeng
082 _aXvM6, L3
100 _aBowley Marian
_9514401
245 0 _aStudies in the history of economic theory before 1870.
260 _c1973
942 _hXvM6, L3
_cTEXL
_2CC
999 _c835145
_d835145